000 00483nam a2200181Ia 4500
001 18545
005 20260306171638.0
008 260306s9999||||xx |||||||||||||| ||und||
041 _aESP
082 _a658.408
_bG77
100 _aGranero Castro, Javier
_eAUT
245 0 _aCómo implantar un sistema de gestión ambiental según la norma ISO 14001:
_b2004
260 _c2011
300 _a124 páginas :
_c23 cm.
650 _aGEN
654 _aCAN
942 _cLIB
_dJUS
_fJUS
_2ddc
_n
999 _c18545
_d18545